| 000 | 00424nam a2200145Ia 4500 | ||
|---|---|---|---|
| 999 |
_c19716 _d19716 |
||
| 082 | _aRR 491.2321 WIL-; | ||
| 100 | _aWilson, Horace Hayman | ||
| 245 | 0 | _aSanskrit-English dictionary: a comprehensive Sanskrit-English lexicon | |
| 260 |
_aNew Delhi _bNag Publishers _c1979 |
||
| 300 | _a839p. | ||
| 504 | _aRef.book | ||
| 650 | _aSanskrit language - Dictionaries | ||
| 650 | _aEnglish language - Dictionaries | ||
| 942 | _cBK | ||